Word Ladder: Iron Phrases Quiz Stats

 Plays Quiz Updated Jul 13, 2018

Score 0/42 Timer 06:00
0 Plays Today
Clue 4-Letter Word % Correct
Standard birthday dessertCAKE
96.2%
Nickname for Margaret Thatcher
The Iron _____
LADY
96.2%
Catholic religious serviceMASS
95.9%
Part of a Dumas novel
The Man in the Iron _____
MASK
95.5%
Layer of fine water dropletsMIST
95%
SeƱorita's English equivalentMISS
95%
Appendage on a bird or planeWING
94.8%
Metal worn on one's fingerRING
94.8%
Refrain from eatingFAST
94.6%
Job for a lawyerCASE
94.2%
Movement of airWIND
93.9%
Iron-carbon alloy used for cooking
_____ iron
CAST
93.8%
Danny Rand in Marvel's comics
Iron _____
FIST
93.7%
Sheet of glass in a windowPANE
93.3%
Step on a ladderRUNG
93.1%
A deficiency; to go without somethingLACK
92.9%
Playing piece for Scrabble or MahjongTILE
92.6%
Slightly wet; moistDAMP
92.5%
Mechanical respirator
Iron _____
LUNG
92.2%
Bobby Darin's '___ the Knife'MACK
91.9%
Place to leave garbageDUMP
91.8%
Clue 4-Letter Word % Correct
Female equivalent to a knightDAME
91.5%
Home built for chickensCOOP
91.4%
Frilly; gossamer; netlikeLACY
91.3%
Of a great distance; an island in New YorkLONG
90.9%
To cut with an axeCHOP
90.9%
Sharp, sudden pain (of hunger or sorrow)PANG
90.1%
Hamlet or Hans Christian Andersen, e.g.DANE
89.8%
To lift weights, slangily
_____ iron
PUMP
89.7%
Cash registerTILL
89.4%
Atari tennis video gamePONG
89.2%
Nickname of boxer Tyson
Iron _____
MIKE
88.6%
Metal tool used when changing a flat
____ iron
TIRE
88.2%
Brand of a car, often paired with 'model'MAKE
87.6%
Food, slangilyCHOW
85.3%
An ostentatious show, often paired with 'circumstance'POMP
85.1%
To grind with one's teethCHEW
84.4%
Deep mud; spongy earthMIRE
84.4%
To give an item for free, slangilyCOMP
83.8%
Minnesota's NHL teamWILD
83.7%
1994 Disney dogsled movie
Iron _____
WILL
82.3%
Popular Japanese cooking competition
Iron _____
CHEF
81.8%

Today's Daily Dose

Missing Word
1940s A-Z

Quick Pick
'S' Athletes

Get the Picture
Depp or Bonham Carter

You're not logged in!

Compare scores with friends on all Sporcle quizzes.
OR
Log In

Sporcle TV

Today on Sporcle TV


Watch our educational content, quiz creation guides, and fun videos on Sporcle TV.

Show Comments

Extras

Top Quizzes Today


Score Distribution

Your Account Isn't Verified!

In order to create a playlist on Sporcle, you need to verify the email address you used during registration. Go to your Sporcle Settings to finish the process.

Report this User

Report this user for behavior that violates our Community Guidelines.

Details: